| 000 | 01042nam a22002417a 4500 | ||
|---|---|---|---|
| 003 | OSt | ||
| 005 | 20251020193426.0 | ||
| 008 | 240202b ||||| |||| 00| 0 eng d | ||
| 040 | _c0 | ||
| 082 | _aDPer 621.317 Ie21 January 2022 v. 37 n. 1 | ||
| 100 |
_aRaghevandra I, Venkata. _eauthor. _951321 |
||
| 245 |
_aModified z-source DC circuit breaker with enhanced performance during commissioning and reclosing / _cVenkata Raghevandra I, Satish Naik Banavath, and Sreekanth Thamballa. |
||
| 260 |
_aNew York ; _bThe Institute of Electrical and Electronics Engineers, Inc. , _cJanuary 2022. |
||
| 300 |
_aVolume 37, pages 910-919 : _billustration ; _c28 cm. |
||
| 500 | _aIEEE Transactions on Power Electronics, v. 37 n 1, pages 910-919, January 2022. | ||
| 650 | 0 |
_a Capacitors. _965717 |
|
| 650 | 0 |
_aCircuit breakers. _965901 |
|
| 650 | 0 |
_aTopology. _965877 |
|
| 700 |
_aRaghevandra I, Venkata. _eauthor. _951321 |
||
| 700 |
_aBanavath, Satish Naik. _eauthor. _951322 |
||
| 700 |
_aThamballa, Sreekanth. _eauthor. _951323 |
||
| 942 |
_2ddc _cPER |
||
| 999 |
_c18902 _d18902 |
||